<?xml version="1.0" encoding="UTF-8"?>
<record
    xmlns:xsi="http://www.w3.org/2001/XMLSchema-instance"
    xsi:schemaLocation="http://www.loc.gov/MARC21/slim http://www.loc.gov/standards/marcxml/schema/MARC21slim.xsd"
    xmlns="http://www.loc.gov/MARC21/slim">

  <leader>02568nam a2200469Ia 4500</leader>
  <controlfield tag="001">dia_2395</controlfield>
  <controlfield tag="003">CHAP</controlfield>
  <controlfield tag="005">20240503115950.0</controlfield>
  <controlfield tag="007">ta</controlfield>
  <controlfield tag="008">220117s2016    mx bdeof      001 0 spa d</controlfield>
  <datafield tag="040" ind1=" " ind2=" ">
    <subfield code="a">mxchpua</subfield>
    <subfield code="c">CHAP</subfield>
  </datafield>
  <datafield tag="090" ind1=" " ind2=" ">
    <subfield code="a">T.C.705 </subfield>
    <subfield code="b">M67 EIUPA </subfield>
    <subfield code="c">2016</subfield>
  </datafield>
  <datafield tag="245" ind1="1" ind2="0">
    <subfield code="a">Unidad empresarial de base MAMPEZ, ACUABANA /</subfield>
    <subfield code="c">coordinadores Tayde Morales Santos y V&#xED;ctor Rivera Salvador ; colaboradores Mar&#xED;a Alejandra &#xC1;lvarez Vallejo...[y otros]</subfield>
  </datafield>
  <datafield tag="260" ind1=" " ind2=" ">
    <subfield code="a">M&#xE9;xico :</subfield>
    <subfield code="b">El autor,</subfield>
    <subfield code="c">2016</subfield>
  </datafield>
  <datafield tag="300" ind1=" " ind2=" ">
    <subfield code="a">100 hojas : </subfield>
    <subfield code="b">ilustraciones, tablas, gr&#xE1;ficas, mapas, planos, fotos</subfield>
  </datafield>
  <datafield tag="336" ind1=" " ind2=" ">
    <subfield code="2">rdacontent</subfield>
    <subfield code="a">texto</subfield>
    <subfield code="b">txt</subfield>
  </datafield>
  <datafield tag="337" ind1=" " ind2=" ">
    <subfield code="2">rdamedia</subfield>
    <subfield code="a">no mediado</subfield>
    <subfield code="b">n</subfield>
  </datafield>
  <datafield tag="338" ind1=" " ind2=" ">
    <subfield code="2">rdacarrier</subfield>
    <subfield code="a">volumen</subfield>
    <subfield code="b">nc</subfield>
  </datafield>
  <datafield tag="500" ind1=" " ind2=" ">
    <subfield code="a">Grado: 7&#xB0;a&#xF1;o Grupo: 01</subfield>
  </datafield>
  <datafield tag="502" ind1=" " ind2=" ">
    <subfield code="a">Viaje de estudios </subfield>
    <subfield code="b">(EIUPA) -- </subfield>
    <subfield code="c">UACh. Departamento de Ingenier&#xED;a Agroindustrial, </subfield>
    <subfield code="d">2016</subfield>
  </datafield>
  <datafield tag="504" ind1=" " ind2=" ">
    <subfield code="a">Incluye bibliograf&#xED;a</subfield>
  </datafield>
  <datafield tag="505" ind1="0" ind2="0">
    <subfield code="a">Contiene 5 planos: --
1.Plano de distribuci&#xF3;n de &#xE1;reas de la empresa Acubana UEB Mampez (Esc. 1:100) --
2. Plano de distribuci&#xF3;n de equipo de la empresa Acubana UEB Mampez (Esc. 1:100) --
3. Diagrama de recorrido de la empresa Acubana UEB Mampez --
4. Diagrama de flujo del proceso de elaboraci&#xF3;n de La Croqueta Criolla --
5. Diagrama de tuber&#xED;a e instrumentaci&#xF3;n de la c&#xE1;mara de refrigeraci&#xF3;n</subfield>
  </datafield>
  <datafield tag="650" ind1="1" ind2="3">
    <subfield code="a">Acuicultura  </subfield>
    <subfield code="9">758</subfield>
  </datafield>
  <datafield tag="650" ind1="1" ind2="3">
    <subfield code="a">Industria pesquera</subfield>
    <subfield code="9">153766</subfield>
    <subfield code="z">Cuba </subfield>
  </datafield>
  <datafield tag="650" ind1="1" ind2="3">
    <subfield code="a">Aquaculture  </subfield>
    <subfield code="9">153764</subfield>
  </datafield>
  <datafield tag="650" ind1="1" ind2="3">
    <subfield code="a">Fish industry</subfield>
    <subfield code="9">153765</subfield>
    <subfield code="z">Cuba</subfield>
  </datafield>
  <datafield tag="700" ind1="1" ind2=" ">
    <subfield code="a">Morales Santos, Tayde</subfield>
    <subfield code="9">78416</subfield>
    <subfield code="e">coordinadora</subfield>
  </datafield>
  <datafield tag="700" ind1="1" ind2=" ">
    <subfield code="a">Rivera Salvador, V&#xED;ctor</subfield>
    <subfield code="9">152488</subfield>
    <subfield code="e">coordinador</subfield>
  </datafield>
  <datafield tag="700" ind1="1" ind2=" ">
    <subfield code="a">&#xC1;lvarez Vallejo, Mar&#xED;a Alejandra</subfield>
    <subfield code="9">153767</subfield>
    <subfield code="e">colaboradora</subfield>
  </datafield>
  <datafield tag="856" ind1="4" ind2="2">
    <subfield code="u">http://10.13.5.2/ve/TC705EIUPA/TC705EIUPA2016-REPORTE.pdf</subfield>
    <subfield code="y">DESCARGAR REPORTE</subfield>
  </datafield>
  <datafield tag="856" ind1="4" ind2="2">
    <subfield code="u">http://10.13.5.2/ve/TC705EIUPA/TC705EIUPA2016-PLANO-DISTRIBUCIONDEEQUIPO.pdf</subfield>
    <subfield code="y">DESCARGAR PLANO DE DISTRIBUCI&#xD3;N DE EQUIPO</subfield>
  </datafield>
  <datafield tag="856" ind1="4" ind2="2">
    <subfield code="u">http://10.13.5.2/ve/TC705EIUPA/TC705EIUPA2016-PLANO-DISTRIBUCIONDEAREAS.pdf</subfield>
    <subfield code="y">DESCARGAR PLANO DISTRIBUCI&#xD3;N DE &#xC1;REAS</subfield>
  </datafield>
  <datafield tag="856" ind1="4" ind2="2">
    <subfield code="u">http://10.13.5.2/ve/TC705EIUPA/TC705EIUPA2016-PLANO-DIAGRAMADERECORRIDO.pdf</subfield>
    <subfield code="y">DESCARGAR PLANO DE RECORRIDO</subfield>
  </datafield>
  <datafield tag="856" ind1="4" ind2="2">
    <subfield code="u">http://10.13.5.2/ve/TC705EIUPA/TC705EIUPA2016-PLANO-DTI.pdf</subfield>
    <subfield code="y">DESCARGAR PLANO DTI</subfield>
  </datafield>
  <datafield tag="856" ind1="4" ind2="2">
    <subfield code="u">http://10.13.5.2/ve/TC705EIUPA/TC705EIUPA2016-PLANO-DIAGRAMADEFLUJO.pdf</subfield>
    <subfield code="y">DESCARGAR PLANO DIAGRAMA DE FLUJO</subfield>
  </datafield>
  <datafield tag="901" ind1=" " ind2=" ">
    <subfield code="a">T.C.705 M67 EIUPA 2016</subfield>
  </datafield>
  <datafield tag="902" ind1=" " ind2=" ">
    <subfield code="a">M</subfield>
  </datafield>
  <datafield tag="905" ind1=" " ind2=" ">
    <subfield code="a">5232272016                          mx mdel8223123322spa16</subfield>
  </datafield>
  <datafield tag="942" ind1=" " ind2=" ">
    <subfield code="2">local</subfield>
  </datafield>
  <datafield tag="942" ind1=" " ind2=" ">
    <subfield code="c">VE</subfield>
  </datafield>
  <datafield tag="999" ind1=" " ind2=" ">
    <subfield code="c">173430</subfield>
    <subfield code="d">173430</subfield>
  </datafield>
  <datafield tag="952" ind1=" " ind2=" ">
    <subfield code="0">0</subfield>
    <subfield code="1">0</subfield>
    <subfield code="2">local</subfield>
    <subfield code="4">0</subfield>
    <subfield code="5">1</subfield>
    <subfield code="7">0</subfield>
    <subfield code="8">VE</subfield>
    <subfield code="a">IA_</subfield>
    <subfield code="b">IA_</subfield>
    <subfield code="d">2022-01-18</subfield>
    <subfield code="e">El autor</subfield>
    <subfield code="l">0</subfield>
    <subfield code="o">T.C.705 M67 EIUPA 2016</subfield>
    <subfield code="p">1106010155</subfield>
    <subfield code="r">2022-01-18 00:00:00</subfield>
    <subfield code="t">Ej.2</subfield>
    <subfield code="w">2022-01-18</subfield>
    <subfield code="y">CD</subfield>
  </datafield>
  <datafield tag="952" ind1=" " ind2=" ">
    <subfield code="0">0</subfield>
    <subfield code="1">0</subfield>
    <subfield code="2">local</subfield>
    <subfield code="4">0</subfield>
    <subfield code="5">1</subfield>
    <subfield code="7">0</subfield>
    <subfield code="8">VE</subfield>
    <subfield code="a">IA_</subfield>
    <subfield code="b">IA_</subfield>
    <subfield code="d">2022-01-18</subfield>
    <subfield code="e">El autor</subfield>
    <subfield code="l">0</subfield>
    <subfield code="o">T.C.705 M67 EIUPA 2016</subfield>
    <subfield code="p">1106010154</subfield>
    <subfield code="r">2026-01-26 00:00:00</subfield>
    <subfield code="t">Ej.1</subfield>
    <subfield code="w">2022-01-18</subfield>
    <subfield code="y">VE</subfield>
  </datafield>
  <datafield tag="952" ind1=" " ind2=" ">
    <subfield code="0">0</subfield>
    <subfield code="1">0</subfield>
    <subfield code="2">local</subfield>
    <subfield code="4">0</subfield>
    <subfield code="7">0</subfield>
    <subfield code="8">VEE</subfield>
    <subfield code="a">IA_</subfield>
    <subfield code="b">IA_</subfield>
    <subfield code="c">E_L</subfield>
    <subfield code="d">2022-01-18</subfield>
    <subfield code="e">El autor</subfield>
    <subfield code="l">0</subfield>
    <subfield code="o">T.C.705 M67 EIUPA 2016</subfield>
    <subfield code="p">1206010154</subfield>
    <subfield code="r">2024-05-03 00:00:00</subfield>
    <subfield code="w">2024-05-03</subfield>
    <subfield code="y">VEE</subfield>
  </datafield>
</record>
